000 00897nam a2200265 i 4500
001 000046308
003 DO-SdBNP
005 20250621074009.0
007 ta
008 150721s1958 sp 000 0 spa d
040 _aDO-SdBNP
_bspa
_cBNPHU
_erda
082 4 _a320.97293
_bO83b
_222
100 1 _aOsorio Lizarazo, J. A.,
_q (José Antonio)
_d1900-1964
_eautor
_4aut.
_922545
245 1 0 _aBirth and growth of anti-trujillism in america /
_cJ. A. Osorio Lizarazo.
264 _aMadrid :
_bEditor no identificado,
_c1958.
300 _a154 páginas ;
_c22 cm.
336 _atexto
_btxt
_2rdacontent
337 _asin mediación
_bn
_2rdamedia
338 _avolumen
_bnc
_2rdacarrier
590 _aInventariado, 2024/BT
600 1 4 _aTrujillo Molina, Rafael Leónidas,
_d 1891-1961
_976764
651 0 _aRepública Dominicana
_xPolítica y gobierno
_945
910 _aBtavárez
942 _2ddc
_cLBS1
999 _c45797
_d45797